000 00451pab a2200181 454500
008 180718b2009 xxu||||| |||| 00| 0 eng d
100 _aDeaton, Angus
245 _aFood and nutrition in India: facts and interpretations
260 _c2009
300 _ap.42-65.
362 _a14 Feb
650 _aNutrition - India
650 _aNutrition
700 _aDreze, Jean
773 _aEconomic and Political Weekly
908 _aN
909 _a81634
999 _c81634
_d81634